000 00778nam a2200241 a 4500
999 _c10876
_d10876
001 10876
003 BD-JhCC
005 20190626094218.0
008 190523b20152009bd ||||| a||| 00| 0 ben d
020 _a9847009601163
035 _a(BD-JhCC)10876
040 _aBD-JhCC
_dBD-JhCC
041 _aben
082 _bBIS 2015
_a510.76
100 _aবিশ্বাস, ইলিয়াছ উদ্দীন
245 _aগণিত উৎসবের প্রশ্নোত্তর /
_cইলিয়াস উদ্দীন বিশ্বাস
260 _aঢাকা,
_bতাম্রলিপি;
_c2015.
300 _a107 p. :
_c21 cm.
650 _aMathematics
650 _aInternational Mathematics Olympiad
942 _2ddc
_cBK